| 000 | 01355cam a2200313 i 4500 | ||
|---|---|---|---|
| 003 | SA-RiAUC | ||
| 005 | 20250523150238.0 | ||
| 008 | 250520s1990 ti g b 00100 ara c | ||
| 020 | _a9973911458 | ||
| 040 |
_aSA-RiAUC _bara _cSA-RiAUC _erda |
||
| 043 | _af-ti--- | ||
| 050 | 4 | _bD35 1990 | |
| 082 | 0 | 4 | _a011.3109611 |
| 090 |
_a011.3109611 _b د خ ل |
||
| 100 | 1 |
_aالدخلي، عبد الوهاب _eمؤلف. |
|
| 245 | 1 | 2 |
_aالإسهام التونسي في تحقيق التراث المخطوط : _bفهرس تحليلي بالمنشورات المحققة في تونس والصادرة خلال الفترة 1860-1988 / _cإعداد عبد الوهاب الدخلي. |
| 246 | 3 | 5 | _aL'etablissement des manuscrits arabes en Tunisie |
| 250 | _aالطبعة الأولى. | ||
| 264 | 1 |
_aتونس : _bالمؤسسة الوطنية للترجمة والدراسات : _bبيت الحكمة، _c1990 |
|
| 300 |
_a134 صفحة ؛ _c24 سم. |
||
| 336 |
_aنص _btxt _2rdacontent _3كتاب |
||
| 337 |
_aبدون وسيط _bn _2rdamedia |
||
| 338 |
_aمجلد _bnc _2rdacarrier |
||
| 440 | 0 | _aفهارس ومراجع | |
| 500 | _aكشافات : صفحة 109-133. | ||
| 650 | 7 |
_aالمخطوطات العربية _zتونس _vببليوجرافيات _2aucsh |
|
| 942 |
_2ddc _cBOOK _n0 |
||
| 949 |
_aSA-JeALM _d250520 _umohamedma123 _n1 |
||
| 999 |
_c8278 _d8278 |
||